=LDR 00000nam 2200000 4500 =001 INLIS000000000041790 =005 20130612151312 =008 ***********************************Ind** =035 ##$$0010-061300000041790 =041 ##$$a Ind =082 ##$$a 8x0.8 =090 ##$$a 8x0.3, Jun D =100 ##$$a Junus Umar =245 ##$$a Dari Peristiwa Ke Imajinasi, Wajah Sastra dan Budaya Indonesia =260 ##$$a 1983 $b Jakarta =300 ##$$a vii, 175 hlm, 20 cm =850 ##$$a NBPNMAT